KPIs as an Improvement Measure of Occupational Safety and Health Managment

Optimalizácia výkonu manažmentu bezpečnosti a ochrany zdravia pri práci (OSH- Occupational Safety and Health/BOZP) pomocou integrácie KPI (kľúčové ukazovatele výkonnosti) relevantných pre BOZP v spoločnosti. Kľúčové ukazovatele výkonnosti a ich vlastnosti.

Salvato in:
Dettagli Bibliografici
Autore principale: Dehghani, Arman, 1977-
Altri autori: Fendeková, Eleonora, 1952-, Markovič, Peter, 1974-
Natura: Capitolo di libro
Lingua:inglese
Soggetti:
Tags: Aggiungi Tag
Nessun Tag, puoi essere il primo ad aggiungerne!!

MARC

LEADER 00000naa a2200000 4500
001 0283509
005 20240502074408.4
041 0 |a eng 
044 |a SK 
245 1 0 |a KPIs as an Improvement Measure of Occupational Safety and Health Managment  |c Arman Dehghani, Eleonora Fendeková, Peter Markovič 
520 |a Optimalizácia výkonu manažmentu bezpečnosti a ochrany zdravia pri práci (OSH- Occupational Safety and Health/BOZP) pomocou integrácie KPI (kľúčové ukazovatele výkonnosti) relevantných pre BOZP v spoločnosti. Kľúčové ukazovatele výkonnosti a ich vlastnosti. 
610 2 0 |a manažment 
610 2 0 |a ukazovatele výkonnosti 
610 2 0 |a ochrana zdravia 
610 2 0 |a bezpečnosť práce 
610 2 0 |a optimalizácia 
100 1 |a Dehghani, Arman, 1977- 
700 1 |a Fendeková, Eleonora, 1952- 
700 1 |a Markovič, Peter, 1974-